[Event "SR 3. liga A2 2012/2013"]
[Site "?"]
[Date "2013.03.24"]
[Round "11.6"]
[White "Majtan, Martin"]
[Black "Vepy, Ivan"]
[Result "1/2-1/2"]
[WhiteElo "1856"]
[BlackElo "1921"]
[PlyCount "88"]
[EventDate "2012.??.??"]

1. e4 e5 2. Nf3 Nc6 3. Bb5 a6 4. Ba4 Nf6 5. O-O Be7 6. Re1 b5 7. Bb3 d6 8. h3
O-O 9. c3 Bb7 10. d4 exd4 11. cxd4 Rc8 12. e5 dxe5 13. dxe5 Qxd1 14. Rxd1 Ne4
15. e6 Nc5 16. exf7+ Kh8 17. Bc2 Nb4 18. Bf5 Rcd8 19. Rxd8 Rxd8 20. Nc3 g6 21.
Bf4 Kg7 22. Re1 Bf6 23. Bxc7 Rf8 24. Be4 Nxe4 25. Nxe4 Nc2 26. Re2 Bxe4 27.
Rxe4 Kxf7 28. b3 Rc8 29. Bf4 Re8 30. Rxe8 Kxe8 31. Ne5 Nd4 32. Kf1 Ke7 33. Ng4
Bg7 34. Be5 Bxe5 35. Nxe5 Ke6 36. Nd3 a5 37. Ke1 Kd5 38. Kd2 Ne6 39. Ke3 Nd4
40. Nf4+ Ke5 41. Nd3+ Kd5 42. g4 Nc2+ 43. Kd2 Nd4 44. Ke3 Nc2+ 1/2-1/2

[Event "SR 3. liga A2 2012/2013"]
[Site "?"]
[Date "2013.03.24"]
[Round "11.6"]
[White "Kubik, Peter"]
[Black "Gajarsky, Roman"]
[Result "1/2-1/2"]
[WhiteElo "1862"]
[BlackElo "1873"]
[PlyCount "144"]
[EventDate "2012.??.??"]

1. e4 e6 2. d4 d5 3. Nd2 c5 4. Ngf3 c4 5. exd5 exd5 6. Ne5 Qf6 7. Ndf3 h6 8. c3
Bd6 9. g3 Ne7 10. Bg2 Nbc6 11. O-O Be6 12. Re1 O-O 13. Bf4 g5 14. Nxc6 gxf4 15.
Nxe7+ Bxe7 16. Qd2 Bd6 17. Ne5 Kh7 18. Qxf4 Qxf4 19. gxf4 Rg8 20. Re3 Rg7 21.
Rae1 Rag8 22. Rg3 h5 23. Rxg7+ Rxg7 24. Kf1 b5 25. Re3 a5 26. f5 Bxf5 27. Bxd5
f6 28. Nf3 Bf4 29. Re8 Bc1 30. b3 Bb2 31. Ke2 cxb3 32. axb3 Bxc3 33. Bc6 b4 34.
d5 Bd7 35. Ra8 Re7+ 36. Kd3 Bf5+ 37. Kc4 Bg4 38. d6 Rg7 39. Re8 Kg6 40. Re7 Rg8
41. d7 Rd8 42. Kc5 a4 43. bxa4 b3 44. Re8 Ba5 45. Rxd8 Bxd8 46. Nd2 b2 47. Kb4
Kf7 48. Ka3 Ke7 49. Kxb2 Bxd7 50. Bxd7 Kxd7 51. Kc3 Bb6 52. f3 Bc7 53. h3 Ke6
54. Kd4 Kf5 55. Ke3 Bb6+ 56. Ke2 Kf4 57. h4 f5 58. Nf1 Bc5 59. a5 Ba7 60. a6
Bb6 61. Nd2 Kg3 62. Kf1 Ba7 63. Nc4 Kxf3 64. Ne5+ Kg3 65. Nc6 Bb6 66. a7 Bxa7
67. Nxa7 Kxh4 68. Nc6 Kg3 69. Ne5 h4 70. Ng6 h3 71. Kg1 f4 72. Nxf4 Kxf4
1/2-1/2

[Event "SR 3. liga A2 2012/2013"]
[Site "?"]
[Date "2013.03.24"]
[Round "11.6"]
[White "Barca, Michal"]
[Black "Vach, Jozef"]
[Result "0-1"]
[WhiteElo "1825"]
[BlackElo "1793"]
[PlyCount "110"]
[EventDate "2012.??.??"]

1. c4 c5 2. Nf3 Nf6 3. g3 g6 4. d4 cxd4 5. Nxd4 Nc6 6. Bg2 Bg7 7. O-O O-O 8. e4
d6 9. Nxc6 bxc6 10. e5 dxe5 11. Bxc6 Rb8 12. Qxd8 Rxd8 13. Nc3 Be6 14. b3 Rd3
15. Ne4 Nxe4 16. Bxe4 Rd4 17. Bg2 f5 18. Bb2 Rd2 19. Bxe5 Bxe5 20. Rae1 Bxc4
21. bxc4 Bf6 22. c5 e5 23. Rd1 Rbb2 24. Rxd2 Rxd2 25. Rc1 Bd8 26. c6 Bc7 27.
Bf1 Kf8 28. Bc4 Ke7 29. Bb3 Kd6 30. Bg8 Bb6 31. c7 Bxc7 32. Bxh7 Bb6 33. Rf1
Rxa2 34. Bxg6 Ke6 35. h4 Kf6 36. Bh5 a5 37. Kg2 a4 38. g4 fxg4 39. Bxg4 Bd4 40.
Bd1 a3 41. Bb3 Rb2 42. Bg8 a2 43. Bxa2 Rxa2 44. Kg3 Kf5 45. f3 Ra8 46. h5 Rh8
47. Rb1 Rxh5 48. f4 exf4+ 49. Kg2 Kg4 50. Rb3 Be3 51. Rb4 Rd5 52. Ra4 Rd2+ 53.
Kf1 Kf3 54. Ke1 Rc2 55. Ra1 Rg2 0-1

[Event "SR 3. liga A2 2012/2013"]
[Site "?"]
[Date "2013.03.24"]
[Round "11.6"]
[White "Jarabek, Milan"]
[Black "Drgon, Matus"]
[Result "1/2-1/2"]
[WhiteElo "1663"]
[BlackElo "1643"]
[PlyCount "50"]
[EventDate "2012.??.??"]

1. e4 c5 2. Nf3 Nc6 3. d4 cxd4 4. Nxd4 Nf6 5. Nc3 g6 6. Be3 Bg7 7. f3 Qb6 8.
Qd2 Nxe4 9. Nxc6 Bxc3 10. Qxc3 Nxc3 11. Bxb6 axb6 12. Nxe7 Kxe7 13. bxc3 d6 14.
Bc4 Re8 15. Kf2 Be6 16. Rhe1 Kf6 17. Bb3 b5 18. Rad1 Rad8 19. Rd4 d5 20. Bxd5
Bxd5 21. Rxe8 Rxe8 22. Rxd5 Ra8 23. Rxb5 Rxa2 24. Rxb7 Rxc2+ 25. Kg3 Rxc3
1/2-1/2

[Event "SR 3. liga A2 2013/2014"]
[Site "?"]
[Date "2013.10.13"]
[Round "1.1"]
[White "Sekera, Branislav"]
[Black "Zarecky, Eduard"]
[Result "1-0"]
[WhiteElo "2171"]
[BlackElo "1903"]
[PlyCount "61"]
[EventDate "2013.??.??"]

1. Nf3 d5 2. d4 Nf6 3. Bg5 e6 4. e3 Be7 5. Bd3 O-O 6. O-O c5 7. c3 Nbd7 8. Re1
b6 9. Nbd2 Bb7 10. e4 dxe4 11. Nxe4 Nxe4 12. Bxe7 Qxe7 13. Bxe4 Bxe4 14. Rxe4
Nf6 15. Re1 cxd4 16. Nxd4 Rfd8 17. Qa4 Rac8 18. Nc6 Rxc6 19. Qxc6 Rd6 20. Qa8+
Rd8 21. Qf3 Qd6 22. Rad1 Qc7 23. Rxd8+ Qxd8 24. Qd1 Qxd1 25. Rxd1 h6 26. Rd8+
Kh7 27. Ra8 a5 28. Rb8 Nd5 29. c4 Nb4 30. Rxb6 Nxa2 31. c5 1-0

[Event "SR 3. liga A2 2013/2014"]
[Site "?"]
[Date "2013.10.13"]
[Round "1.1"]
[White "Bango, Lukas"]
[Black "Kavon, Rastislav"]
[Result "0-1"]
[WhiteElo "1781"]
[BlackElo "2026"]
[PlyCount "50"]
[EventDate "2013.??.??"]

1. c4 Nf6 2. Nc3 g6 3. Nf3 Bg7 4. g3 O-O 5. Bg2 d6 6. d4 c6 7. O-O Qa5 8. Qc2
e5 9. Rd1 Be6 10. c5 dxc5 11. dxe5 Nd5 12. Ne4 Nd7 13. Bd2 Qb6 14. Bc3 h6 15.
Rac1 Rad8 16. Nd6 Qc7 17. Nc4 Nxc3 18. Qxc3 b6 19. a3 Bxc4 20. Qxc4 Nxe5 21.
Nxe5 Bxe5 22. b4 Bb2 23. Rxd8 Rxd8 24. Rc2 Bxa3 25. Be4 Rd4 0-1

[Event "SR 3. liga A2 2013/2014"]
[Site "?"]
[Date "2013.10.13"]
[Round "1.1"]
[White "Mackovic, Matus"]
[Black "Rau, Vladimir"]
[Result "1-0"]
[WhiteElo "1913"]
[BlackElo "1637"]
[PlyCount "45"]
[EventDate "2013.??.??"]

1. e4 c6 2. d4 d5 3. Nc3 dxe4 4. Nxe4 Bf5 5. Ng3 Bg6 6. h4 h6 7. Nf3 Nf6 8. Ne5
Bh7 9. Bc4 e6 10. Qe2 Nbd7 11. Nxf7 Qe7 12. Nxh8 O-O-O 13. Bd3 Bxd3 14. Qxd3
Ne5 15. Qe2 Neg4 16. Ng6 Qd6 17. Nxf8 Rxf8 18. c3 Nxf2 19. Qxf2 Ng4 20. Ne4 Qe7
21. Qg3 h5 22. Bg5 Qf7 23. Nd6+ 1-0

[Event "SR 3. liga A2 2013/2014"]
[Site "?"]
[Date "2013.10.13"]
[Round "1.1"]
[White "Capanda, Jan"]
[Black "Jakubec, Milan"]
[Result "0-1"]
[WhiteElo "1466"]
[BlackElo "2084"]
[PlyCount "62"]
[EventDate "2013.??.??"]

1. e4 e5 2. Nf3 Nc6 3. Bc4 Bc5 4. d3 Nf6 5. Nc3 d6 6. Bg5 h6 7. Bh4 Bg4 8. h3
Bxf3 9. gxf3 a6 10. Nd5 g5 11. Bg3 Nxd5 12. Bxd5 Qd7 13. c3 O-O-O 14. Qb3 Rdf8
15. O-O-O b5 16. Qc2 Kb8 17. a4 Ne7 18. Bb3 f5 19. d4 exd4 20. cxd4 Bb6 21. f4
gxf4 22. Bxf4 fxe4 23. Qxe4 d5 24. Qe3 bxa4 25. Bc2 Nf5 26. Qc3 Nd6 27. Be5
Rhg8 28. f4 Nc4 29. Qb4 Qb5 30. Qc3 Ba5 31. b4 Bxb4 0-1

[Event "SR 3. liga A2 2013/2014"]
[Site "?"]
[Date "2013.10.13"]
[Round "1.1"]
[White "Kozinka, Roman"]
[Black "Gajarsky, Jakub"]
[Result "1-0"]
[WhiteElo "2010"]
[BlackElo "1587"]
[PlyCount "61"]
[EventDate "2013.??.??"]

1. e4 c5 2. Nf3 d6 3. d4 cxd4 4. Nxd4 Nf6 5. Nc3 a6 6. Be2 e6 7. O-O Be7 8. f4
Qc7 9. Bf3 O-O 10. Be3 Nc6 11. g4 Rb8 12. g5 Nd7 13. Rf2 b5 14. a3 Nxd4 15.
Bxd4 e5 16. Nd5 Qd8 17. Be3 Bb7 18. Rg2 Bxd5 19. Qxd5 Nb6 20. Qd1 Nc4 21. Bc1
Qc7 22. b3 Nb6 23. f5 Rbc8 24. Be3 a5 25. f6 Bd8 26. Bg4 Rb8 27. Qf3 g6 28. Qh3
h5 29. Bxh5 gxh5 30. Qxh5 Re8 31. Qh6 1-0

[Event "SR 3. liga A2 2013/2014"]
[Site "?"]
[Date "2013.10.13"]
[Round "1.1"]
[White "Bango, Dominik"]
[Black "Hirmajer, Jan"]
[Result "0-1"]
[WhiteElo "1498"]
[BlackElo "1957"]
[PlyCount "74"]
[EventDate "2013.??.??"]

1. b4 e6 2. a3 Be7 3. Bb2 Bf6 4. Nc3 d5 5. e3 d4 6. exd4 Bxd4 7. Nf3 Bf6 8. Be2
Ne7 9. O-O Nd5 10. Nxd5 Bxb2 11. Ra2 Bxa3 12. Nxc7+ Qxc7 13. Rxa3 Nc6 14. Rc3
Qb6 15. b5 Ne7 16. Re3 Nd5 17. Rb3 O-O 18. c4 Nf4 19. Rc3 Bd7 20. Ne5 Qc7 21.
Nxd7 Nxe2+ 22. Qxe2 Qxd7 23. Rg3 a5 24. Qg4 g6 25. Qh4 Qxd2 26. Rh3 h6 27. Qxh6
Qxh6 28. Rxh6 Rfc8 29. Rh4 b6 30. Rc1 Rc5 31. Rd4 Rac8 32. Kf1 Rxb5 33. cxb5
Rxc1+ 34. Ke2 Rb1 35. Kd3 Rxb5 36. Kc4 Rb2 37. Rf4 Rb4+ 0-1

[Event "SR 3. liga A2 2013/2014"]
[Site "?"]
[Date "2013.10.13"]
[Round "1.1"]
[White "Lopatievov, Alexander"]
[Black "Lezovic, Martin"]
[Result "1-0"]
[WhiteElo "1936"]
[BlackElo "1354"]
[PlyCount "67"]
[EventDate "2013.??.??"]

1. e4 Nf6 2. d3 d5 3. e5 Bg4 4. f3 Nfd7 5. d4 Bf5 6. h4 f6 7. g4 Bg6 8. e6 Nb6
9. h5 Qd6 10. hxg6 Qxe6+ 11. Be2 h6 12. Bf4 Nc4 13. b3 Qa6 14. bxc4 e5 15. dxe5
fxe5 16. Bxe5 dxc4 17. Bxc7 Be7 18. Qd5 Rf8 19. c3 Qxg6 20. Nd2 Qc6 21. Qxc4
Bf6 22. Rc1 Rf7 23. Ba5 Nd7 24. Ne4 Ne5 25. Qb5 Rd7 26. Nxf6+ Qxf6 27. Rh5 Nc6
28. Bb4 Rad8 29. Qc4 Nxb4 30. cxb4 a6 31. Qc5 Re7 32. Nh3 Rd4 33. Nf2 Kf8 34.
Rf5 1-0

[Event "SR 3. liga A2 2013/2014"]
[Site "?"]
[Date "2013.10.13"]
[Round "1.1"]
[White "Rusnacik, Milan"]
[Black "Mackovic, Miroslav"]
[Result "0-1"]
[WhiteElo "1319"]
[BlackElo "1936"]
[PlyCount "76"]
[EventDate "2013.??.??"]

1. d4 Nf6 2. c4 d6 3. Nc3 g6 4. e4 Bg7 5. f3 Nfd7 6. Be3 e5 7. d5 f5 8. g3 O-O
9. Bg2 Nf6 10. Qd2 Nh5 11. Nge2 a6 12. O-O-O Nd7 13. exf5 gxf5 14. Rhg1 Rb8 15.
Bg5 Nhf6 16. h4 Qe8 17. Rde1 b5 18. Nd4 b4 19. Na4 Nc5 20. Nxc5 dxc5 21. Nc6
Ra8 22. Rxe5 Qh5 23. Rge1 Kh8 24. Qd3 Ng8 25. g4 fxg4 26. Bf6 Qh6+ 27. Bg5 Qg6
28. Qxg6 hxg6 29. R5e3 Bd7 30. Be7 Rfe8 31. Bxc5 Bh6 32. Kd2 Bxc6 33. Bd4+ Kh7
34. dxc6 Rad8 35. Kd3 Bxe3 36. Rxe3 Rxe3+ 37. Kxe3 Nh6 38. f4 Nf5+ 0-1

[Event "SR 3. liga A2 2013/2014"]
[Site "?"]
[Date "2013.10.13"]
[Round "1.2"]
[White "Spacek, Oliver"]
[Black "Veselsky, Jozef"]
[Result "0-1"]
[WhiteElo "2041"]
[BlackElo "2160"]
[PlyCount "112"]
[EventDate "2013.??.??"]

1. d4 d5 2. c4 e6 3. Nf3 Nf6 4. g3 c6 5. Bg2 Be7 6. O-O O-O 7. Qc2 h6 8. Nbd2
Nbd7 9. Rd1 a5 10. e4 dxe4 11. Nxe4 Nxe4 12. Qxe4 Nf6 13. Qe2 Re8 14. Ne5 Nd7
15. Bxh6 gxh6 16. Qg4+ Bg5 17. h4 Qf6 18. f4 Nxe5 19. fxe5 Qf5 20. Qxf5 exf5
21. hxg5 hxg5 22. Kf2 Kg7 23. Re1 Bd7 24. Re2 Rad8 25. Rd1 f6 26. exf6+ Kxf6
27. Rxe8 Bxe8 28. a3 Bf7 29. Bf1 Be6 30. b4 axb4 31. axb4 Ra8 32. Rd2 Ra4 33.
Rb2 Ra1 34. b5 Rd1 35. bxc6 bxc6 36. Rb6 Rxd4 37. Rxc6 Ke5 38. Be2 Rd2 39. Ke1
Rc2 40. Kf1 f4 41. gxf4+ gxf4 42. Ke1 Bd7 43. Rc5+ Kf6 44. Bf3 Be6 45. Bd5 Bg4
46. Rc6+ Kg5 47. Rg6+ Kh4 48. Rb6 Kg3 49. Rb3+ f3 50. Kd1 Re2 51. c5 Kf4 52.
Rb4+ Kf5 53. c6 f2 54. Bg2 Re4+ 55. Kd2 Rxb4 56. c7 Kf4 0-1

[Event "SR 3. liga A2 2013/2014"]
[Site "?"]
[Date "2013.10.13"]
[Round "1.2"]
[White "Travnicek, Petr"]
[Black "Pericka, Tomas"]
[Result "1-0"]
[WhiteElo "2117"]
[BlackElo "1994"]
[PlyCount "51"]
[EventDate "2013.??.??"]

1. d4 Nf6 2. c4 e6 3. Nc3 Bb4 4. Bg5 c5 5. Nf3 Qa5 6. Bxf6 Bxc3+ 7. bxc3 Qxc3+
8. Nd2 gxf6 9. d5 e5 10. g3 d6 11. Rc1 Qa5 12. Bg2 f5 13. O-O O-O 14. e4 Qd8
15. Qh5 Qf6 16. exf5 Bxf5 17. Ne4 Bxe4 18. Bxe4 Qg7 19. Qh3 Na6 20. f4 f6 21.
Qe6+ Qf7 22. Qxd6 Rad8 23. Qe6 f5 24. Bxf5 Nc7 25. Qxf7+ Rxf7 26. fxe5 1-0

[Event "SR 3. liga A2 2013/2014"]
[Site "?"]
[Date "2013.10.13"]
[Round "1.2"]
[White "Nemeckay, Rastislav"]
[Black "Pribila, Gerhard"]
[Result "1/2-1/2"]
[WhiteElo "1986"]
[BlackElo "2076"]
[PlyCount "44"]
[EventDate "2013.??.??"]

1. e4 c5 2. Nf3 e6 3. d4 cxd4 4. Nxd4 Nc6 5. g3 Qc7 6. Nc3 a6 7. Bg2 Nf6 8. O-O
Nxd4 9. Qxd4 Bc5 10. Qd3 O-O 11. Be3 d6 12. Rfd1 Bxe3 13. Qxe3 Ng4 14. Qd4 Rd8
15. f4 b5 16. h3 Nh6 17. Rd2 Bb7 18. Rad1 f6 19. a4 Bc6 20. axb5 axb5 21. Qb4
Nf7 22. Kh2 Rab8 1/2-1/2

[Event "SR 3. liga A2 2013/2014"]
[Site "?"]
[Date "2013.10.13"]
[Round "1.2"]
[White "Ambros, Rafael"]
[Black "Ocko, Martin"]
[Result "1-0"]
[WhiteElo "2009"]
[BlackElo "1736"]
[PlyCount "55"]
[EventDate "2013.??.??"]

1. e4 c5 2. c3 e6 3. d4 cxd4 4. cxd4 Nf6 5. e5 Nd5 6. Bc4 Nb6 7. Bb3 Nc6 8. Nf3
d5 9. O-O Be7 10. Nc3 a6 11. a3 O-O 12. Bc2 Nd7 13. Re1 b5 14. b4 Qb6 15. Qd3
g6 16. Bh6 Re8 17. h4 Rb8 18. h5 a5 19. Nxd5 exd5 20. e6 Nd8 21. bxa5 Qxa5 22.
exf7+ Nxf7 23. hxg6 Nxh6 24. gxh7+ Kh8 25. Qg6 Nf6 26. Rxe7 Rxe7 27. Qxf6+ Rg7
28. Qf8+ 1-0

[Event "SR 3. liga A2 2013/2014"]
[Site "?"]
[Date "2013.10.13"]
[Round "1.2"]
[White "Brunovsky, Peter"]
[Black "Diviak, Rudolf"]
[Result "0-1"]
[WhiteElo "1829"]
[BlackElo "1797"]
[PlyCount "126"]
[EventDate "2013.??.??"]

1. d4 d6 2. Nf3 Nf6 3. Bf4 c5 4. e3 cxd4 5. exd4 Qb6 6. Qc1 Bg4 7. c3 g6 8.
Nbd2 Bg7 9. Bd3 O-O 10. h3 Bxf3 11. Nxf3 Nbd7 12. O-O Rfe8 13. Re1 Nh5 14. Bh2
Rac8 15. Qc2 Nhf6 16. Qb3 Qxb3 17. axb3 a6 18. b4 Kf8 19. b5 axb5 20. Bxb5 Ra8
21. Ng5 h6 22. Nh7+ Nxh7 23. Bxd7 Red8 24. Bb5 Nf6 25. f3 Nd5 26. Bc4 Nc7 27.
Kf1 b5 28. Bd3 b4 29. Be4 Rxa1 30. Rxa1 bxc3 31. bxc3 Nb5 32. Rc1 Rc8 33. Bf4
Nxc3 34. Bd2 Bxd4 35. Bxh6+ Bg7 36. Bd2 e6 37. Bxc3 Rxc3 38. Rxc3 Bxc3 39. Bc6
d5 40. Ke2 Ke7 41. Kd3 Be1 42. Bb5 g5 43. Ba4 Kd6 44. Be8 f6 45. Ba4 e5 46. Bb5
f5 47. Ke2 Bg3 48. Be8 e4 49. Bg6 Ke5 50. Be8 d4 51. fxe4 fxe4 52. Bb5 Kd5 53.
Ba6 Kc6 54. Bc8 Bf4 55. h4 gxh4 56. Bf5 d3+ 57. Kd1 Kd5 58. Bg6 Kd4 59. Bf5 e3
60. Bg4 Bg3 61. Bh5 Bf2 62. Bf3 Ke5 63. Bh5 Kf4 0-1

[Event "SR 3. liga A2 2013/2014"]
[Site "?"]
[Date "2013.10.13"]
[Round "1.2"]
[White "Skapik, Branislav"]
[Black "Valla, Tomas"]
[Result "1-0"]
[WhiteElo "1841"]
[BlackElo "1814"]
[PlyCount "57"]
[EventDate "2013.??.??"]

1. c4 e5 2. Nc3 Nf6 3. d3 c6 4. Nf3 Bd6 5. g3 O-O 6. Bg2 Re8 7. Bg5 h6 8. Bxf6
Qxf6 9. O-O Bc7 10. Qc2 d6 11. b4 Be6 12. a4 Nd7 13. a5 a6 14. Nd2 Qe7 15. b5
axb5 16. cxb5 Rxa5 17. Rxa5 Bxa5 18. Ra1 Bxc3 19. Qxc3 cxb5 20. Bxb7 Nc5 21.
Bg2 Rb8 22. Qb4 Qc7 23. Rc1 Qb6 24. Ne4 Rc8 25. Rb1 Bd7 26. Nc3 Na6 27. Nd5
Nxb4 28. Nxb6 Rc7 29. Nxd7 1-0

[Event "SR 3. liga A2 2013/2014"]
[Site "?"]
[Date "2013.10.13"]
[Round "1.2"]
[White "Zajicek, Ferdinand"]
[Black "Pericka, Pavol"]
[Result "1/2-1/2"]
[WhiteElo "1823"]
[BlackElo "1793"]
[PlyCount "63"]
[EventDate "2013.??.??"]

1. e4 e5 2. Nf3 Nc6 3. Bc4 Bc5 4. d3 h6 5. a3 d6 6. Be3 Bb6 7. h3 Nf6 8. O-O
O-O 9. Nc3 Nd4 10. Nd5 Nxd5 11. Bxd5 c6 12. Ba2 Be6 13. c3 Bxa2 14. Rxa2 Ne6
15. Nh2 d5 16. Qh5 d4 17. cxd4 Bxd4 18. Bc1 Nf4 19. Qf3 Nxd3 20. Ng4 Nxc1 21.
Rxc1 Qg5 22. Rd1 f5 23. Ne3 fxe4 24. Qxe4 Rf4 25. Qd3 Raf8 26. b4 Rh4 27. Ng4
h5 28. Nh2 Rhf4 29. Rdd2 Qf6 30. Nf3 Bb6 31. Re2 Bc7 32. h4 1/2-1/2

[Event "SR 3. liga A2 2013/2014"]
[Site "?"]
[Date "2013.10.13"]
[Round "1.3"]
[White "Malar, Pavol"]
[Black "Liptak, Tomas"]
[Result "0-1"]
[WhiteElo "2104"]
[BlackElo "2108"]
[PlyCount "54"]
[EventDate "2013.??.??"]

1. e4 c5 2. Nf3 d6 3. Bb5+ Nd7 4. c3 a6 5. Ba4 b5 6. Bc2 Bb7 7. O-O Ngf6 8. Re1
e6 9. d3 Be7 10. Nbd2 O-O 11. Nf1 Re8 12. Ng3 Qc7 13. Bg5 h6 14. Bf4 e5 15. Bd2
d5 16. Qe2 Bf8 17. Rac1 Rad8 18. h4 c4 19. dxc4 dxe4 20. Nh2 Nc5 21. cxb5 axb5
22. Red1 Nd3 23. Rb1 Qc6 24. Be3 Nd5 25. Nhf1 N5f4 26. Bxf4 exf4 27. Nf5 Qg6
0-1

[Event "SR 3. liga A2 2013/2014"]
[Site "?"]
[Date "2013.10.13"]
[Round "1.3"]
[White "Liptak, Dusan"]
[Black "Bisco, Igor"]
[Result "1/2-1/2"]
[WhiteElo "2108"]
[BlackElo "2086"]
[PlyCount "85"]
[EventDate "2013.??.??"]

1. d4 Nf6 2. c4 g6 3. Nc3 Bg7 4. e4 d6 5. Be2 O-O 6. Nf3 e5 7. O-O Nc6 8. d5
Ne7 9. Nd2 Ne8 10. b4 a5 11. bxa5 Rxa5 12. Nb3 Ra8 13. Be3 f5 14. f3 f4 15. Bf2
g5 16. c5 Rf7 17. Nb5 Ng6 18. Nd2 Bf8 19. cxd6 cxd6 20. Nc4 Ra6 21. a4 Bd7 22.
Rb1 h5 23. a5 Rg7 24. Bb6 Qe7 25. Qd3 g4 26. Rfc1 g3 27. h3 Bxh3 28. gxh3 Rxb6
29. Nxb6 g2 30. Rc2 Nh4 31. Qc3 Rg3 32. Qc8 Ng7 33. Qd7 Qg5 34. Rc8 Rxf3 35.
Qd8 Qg3 36. Qxh4 Qxh4 37. Bxf3 Qxh3 38. Bxg2 Qe3+ 39. Kh1 f3 40. Rb2 Qe1+ 41.
Kh2 fxg2 42. Rxg2 Qh4+ 43. Kg1 1/2-1/2

[Event "SR 3. liga A2 2013/2014"]
[Site "?"]
[Date "2013.10.13"]
[Round "1.3"]
[White "Hertel, Ondrej"]
[Black "Kovacocy, Pavel"]
[Result "0-1"]
[WhiteElo "2055"]
[BlackElo "2198"]
[PlyCount "104"]
[EventDate "2013.??.??"]

1. d4 g6 2. Nf3 Bg7 3. c3 d6 4. Bg5 Nd7 5. Nbd2 f6 6. Bh4 Nh6 7. Qb3 a5 8. a4
Nf7 9. e3 O-O 10. Bd3 Qe8 11. O-O Kh8 12. Qc2 e5 13. e4 Rg8 14. Rad1 Nf8 15. c4
h5 16. h3 g5 17. Bg3 Ng6 18. c5 h4 19. Bh2 Bh6 20. cxd6 cxd6 21. dxe5 dxe5 22.
Bb5 Qf8 23. Qc7 g4 24. hxg4 Bxg4 25. Kh1 Rg7 26. Qb6 Nd6 27. Rfe1 Nxb5 28. axb5
Bxd2 29. Rxd2 h3 30. Rd6 hxg2+ 31. Kxg2 Bxf3+ 32. Kxf3 Nh4+ 33. Ke3 Ng2+ 34.
Ke2 Qf7 35. Rh1 Qc4+ 36. Kd2 Qb4+ 37. Kd1 Qb3+ 38. Ke2 Qxb2+ 39. Kf3 Nh4+ 40.
Ke3 Qb3+ 41. Kd2 Qb2+ 42. Kd3 Qb3+ 43. Kd2 Qb4+ 44. Kd3 Qb3+ 45. Kd2 Qb4+ 46.
Kd3 Rg4 47. Bg3 Qxe4+ 48. Kd2 Qxh1 49. Rd8+ Rxd8+ 50. Qxd8+ Kh7 51. Qd7+ Rg7
52. Qd3+ e4 0-1

[Event "SR 3. liga A2 2013/2014"]
[Site "?"]
[Date "2013.10.13"]
[Round "1.3"]
[White "Sarmir, Milos"]
[Black "Peska, Juraj"]
[Result "1/2-1/2"]
[WhiteElo "2075"]
[BlackElo "1926"]
[PlyCount "146"]
[EventDate "2013.??.??"]

1. e4 e5 2. Nf3 d6 3. d4 exd4 4. Nxd4 Nf6 5. Nc3 Nc6 6. Nxc6 bxc6 7. Bc4 Be7 8.
O-O O-O 9. Bf4 Be6 10. Qe2 Bxc4 11. Qxc4 c5 12. Rad1 Nd7 13. Nd5 Bf6 14. b3 Re8
15. Rfe1 Be5 16. Bd2 Nb6 17. Nxb6 axb6 18. a4 Qf6 19. Qd5 Bc3 20. Qc6 Rac8 21.
Bxc3 Qxc3 22. Re2 h6 23. h3 Re7 24. Rd3 Qa1+ 25. Kh2 Rce8 26. Rde3 Qd4 27. g3
Qe5 28. Kg2 Qe6 29. f4 Qd7 30. Qxd7 Rxd7 31. Kf2 f6 32. e5 dxe5 33. fxe5 fxe5
34. Rxe5 Rxe5 35. Rxe5 Rd2+ 36. Re2 Rd7 37. Ke3 c6 38. Rd2 Re7+ 39. Kd3 Kf7 40.
Rf2+ Kg8 41. Re2 Rd7+ 42. Kc3 Kf7 43. Rf2+ Ke6 44. g4 Ke5 45. a5 bxa5 46. Kc4
a4 47. bxa4 Rd4+ 48. Kxc5 Rxa4 49. Kxc6 Ra3 50. Rh2 Rc3+ 51. Kb5 Kf4 52. Kb4
Rc7 53. Rd2 g6 54. c4 h5 55. gxh5 gxh5 56. c5 h4 57. Rg2 Ke5 58. Kc4 Ra7 59.
Rg5+ Ke6 60. Rh5 Ra3 61. Rh6+ Kd7 62. Rd6+ Kc7 63. Rd3 Ra1 64. Kd5 Rh1 65. Rf3
Rd1+ 66. Ke4 Kc6 67. Rc3 Rd5 68. Kf4 Rxc5 69. Rxc5+ Kxc5 70. Kg5 Kd6 71. Kxh4
Ke7 72. Kg5 Kf7 73. Kh6 Kg8 1/2-1/2

[Event "SR 3. liga A2 2013/2014"]
[Site "?"]
[Date "2013.10.13"]
[Round "1.3"]
[White "Drgon, Matus"]
[Black "Markuliak, Mario"]
[Result "0-1"]
[WhiteElo "1712"]
[BlackElo "1819"]
[PlyCount "89"]
[EventDate "2013.??.??"]

1. d4 d6 2. c4 e5 3. dxe5 dxe5 4. Qxd8+ Kxd8 5. Nc3 Be6 6. e4 c6 7. Be3 Nd7 8.
O-O-O Kc7 9. Nf3 f6 10. b3 a5 11. Kb2 Ne7 12. g3 Nc8 13. h4 Ncb6 14. a4 Bc5 15.
Bxc5 Nxc5 16. Bh3 Bxh3 17. Rxh3 Rad8 18. Rh2 Rxd1 19. Nxd1 Nxe4 20. Nc3 Nxc3
21. Kxc3 Rd8 22. Rh1 Nd7 23. Re1 Nc5 24. Re3 Ne6 25. Nd2 Nc5 26. f3 Kb6 27. Kc2
Re8 28. g4 g6 29. f4 e4 30. f5 gxf5 31. gxf5 Re5 32. Kc3 Rxf5 33. Nxe4 Re5 34.
Kd4 Rxe4+ 35. Rxe4 Nxe4 36. Kxe4 Kc5 37. Kf5 Kb4 38. Kxf6 Kxb3 39. Kg7 Kxa4 40.
Kxh7 Kb4 41. Kg8 a4 42. h5 a3 43. h6 a2 44. h7 a1=Q 45. h8=Q 0-1

[Event "SR 3. liga A2 2013/2014"]
[Site "?"]
[Date "2013.10.13"]
[Round "1.3"]
[White "Vlkovic, Pavol"]
[Black "Gajarsky, Roman"]
[Result "0-1"]
[WhiteElo "1819"]
[BlackElo "1797"]
[PlyCount "104"]
[EventDate "2013.??.??"]

1. e4 e6 2. d3 d5 3. Qe2 d4 4. Nf3 c5 5. g3 Nc6 6. Bg2 e5 7. h3 h6 8. a4 Bd6 9.
O-O Nge7 10. Nbd2 Be6 11. Re1 Qd7 12. g4 g5 13. Nf1 Ng6 14. Ng3 Nf4 15. Bxf4
gxf4 16. Nh5 O-O-O 17. Nh4 Qe7 18. Nf5 Qg5 19. c3 Bc7 20. Qc2 Kb8 21. Reb1 Rhg8
22. Kh1 c4 23. Rd1 dxc3 24. bxc3 cxd3 25. Rxd3 Rxd3 26. Qxd3 Rd8 27. Qc2 Bb6
28. Bf1 Ne7 29. a5 Bc5 30. Rb1 Nxf5 31. exf5 Bd5+ 32. Bg2 Bxg2+ 33. Kxg2 Rd2
34. Qe4 Rxf2+ 35. Kh1 Qe7 36. a6 Bb6 37. Nf6 bxa6 38. Nd5 Qd6 39. c4 f6 40. c5
Qxc5 41. Nxf6 Rd2 42. Qa4 Kb7 43. Rd1 Qe3 44. Qe4+ Qxe4+ 45. Nxe4 Rxd1+ 46. Kg2
Kc6 47. h4 Kd7 48. g5 hxg5 49. hxg5 Re1 50. Nf6+ Ke7 51. Ng4 Rg1+ 52. Kf3 Rg3+
0-1

[Event "SR 3. liga A2 2013/2014"]
[Site "?"]
[Date "2013.10.13"]
[Round "1.3"]
[White "Janas, Peter"]
[Black "Hornak, Pavol"]
[Result "1/2-1/2"]
[WhiteElo "1707"]
[BlackElo "1750"]
[PlyCount "141"]
[EventDate "2013.??.??"]

1. d4 Nf6 2. f3 d5 3. Bg5 Nbd7 4. c4 e6 5. e4 dxe4 6. fxe4 Bb4+ 7. Nc3 Bxc3+ 8.
bxc3 h6 9. Bxf6 Qxf6 10. Nf3 e5 11. Be2 O-O 12. O-O Qe7 13. Qc2 b6 14. Rab1 Bb7
15. Kh1 exd4 16. cxd4 Bxe4 17. Bd3 Bxd3 18. Qxd3 Rfe8 19. Rbe1 Qd6 20. Qf5 Nf6
21. Re5 Qd7 22. Qf4 Qa4 23. Rxe8+ Qxe8 24. Qxc7 Qe2 25. Re1 Qf2 26. Qg3 Qxa2
27. Ne5 Rf8 28. h3 Qd2 29. Nf3 Qc2 30. Ne5 Ne4 31. Qf3 Ng5 32. Qg4 f6 33. h4
Qc3 34. Rf1 fxe5 35. Rxf8+ Kxf8 36. hxg5 Qxd4 37. Qf5+ Ke7 38. g6 Qh4+ 39. Kg1
Qf6 40. Qe4 Qe6 41. Qb7+ Qd7 42. Qf3 Qd4+ 43. Kh1 Qxc4 44. Qa3+ Kf6 45. Qxa7
Qe6 46. Qb7 Kxg6 47. Qe4+ Qf5 48. Qc6+ Kh5 49. Qxb6 g5 50. Qb5 Kh4 51. Qb6 h5
52. Qg1 g4 53. g3+ Kg5 54. Qe3+ Kf6 55. Qh6+ Ke7 56. Qg7+ Kd6 57. Qh6+ Ke7 58.
Qg7+ Kd6 59. Qh6+ Kc5 60. Qc1+ Kb4 61. Qb2+ Kc4 62. Qa2+ Kd4 63. Qb2+ Kd5 64.
Qb7+ Kd6 65. Qb8+ Ke7 66. Qc7+ Kf6 67. Qd8+ Kg6 68. Qg8+ Kh6 69. Qh8+ Kg5 70.
Qg7+ Qg6 71. Qxe5+ 1/2-1/2

[Event "SR 3. liga A2 2013/2014"]
[Site "?"]
[Date "2013.10.13"]
[Round "1.3"]
[White "Stefik, Miroslav"]
[Black "Tupy, Bystrik"]
[Result "0-1"]
[WhiteElo "1754"]
[BlackElo "1798"]
[PlyCount "100"]
[EventDate "2013.??.??"]

1. e4 e5 2. Nf3 Nc6 3. Bb5 a6 4. Ba4 d6 5. a3 Bg4 6. d3 Qf6 7. Bg5 Bxf3 8. Bxf6
Bxd1 9. Bxg7 Bxg7 10. Kxd1 O-O-O 11. Kd2 Nce7 12. Nc3 Nf6 13. f3 d5 14. Bb3 c6
15. Rad1 Rhf8 16. Kc1 d4 17. Ne2 Nd7 18. c3 Nc5 19. Bc2 f5 20. Rhf1 Bh6+ 21.
Kb1 Be3 22. b4 Ne6 23. g3 f4 24. Bb3 Nc7 25. c4 Ng6 26. a4 fxg3 27. hxg3 b5 28.
axb5 axb5 29. Kb2 Rf6 30. Ra1 Rdf8 31. c5 Rxf3 32. Rh1 h6 33. Bd1 Rf1 34. Rh2
R8f2 35. Rxf2 Rxf2 36. Kb3 Kb7 37. g4 Ne6 38. Ng3 Ngf4 39. Bc2 Ne2 40. Nf5 Nc1+
41. Kb2 Nxd3+ 42. Kb3 Nxb4 43. Kxb4 Rxc2 44. Nd6+ Kb8 45. Ra6 d3 46. Rxc6 Bxc5+
47. Rxc5 Nxc5 48. Nf5 Nxe4 49. Kxb5 d2 50. Ne3 Rc1 0-1